The Netherlands Reformed Church, 1571-2005 / (Record no. 29517)
[ view plain ]
| 000 -LEADER | |
|---|---|
| fixed length control field | 00872nam a2200217 4500 |
| 008 - FIXED-LENGTH DATA ELEMENTS--GENERAL INFORMATION | |
| fixed length control field | 070702s2006 mium b a001 0 eng d |
| 090 ## - LOCALLY ASSIGNED LC-TYPE CALL NUMBER (OCLC); LOCAL CALL NUMBER (OCLC) | |
| Classification number (OCLC) (R) ; Classification number, CALL (RLIN) (NR) | BX9474.2 |
| Local cutter number (OCLC) ; Book number/undivided call number, CALL (RLIN) | B61n |
| 100 1# - MAIN ENTRY--PERSONAL NAME | |
| Personal name | Blei, Karel. |
| 240 10 - UNIFORM TITLE | |
| Uniform title | Nederlandse Hervormde Kerk. |
| Language of a work | English. |
| 245 14 - TITLE STATEMENT | |
| Title | The Netherlands Reformed Church, 1571-2005 / |
| Statement of responsibility, etc | Karel Blei, translated by Allan J. Janssen. |
| 260 ## - PUBLICATION, DISTRIBUTION, ETC. (IMPRINT) | |
| Place of publication, distribution, etc | Grand Rapids, Mich. : |
| Name of publisher, distributor, etc | W.B. Eerdmans, |
| Date of publication, distribution, etc | 2006. |
| 300 ## - PHYSICAL DESCRIPTION | |
| Extent | xv, 176 p. ; |
| Dimensions | 23 cm. |
| 490 1# - SERIES STATEMENT | |
| Series statement | Historical series of the Reformed Church in America ; |
| Volume number/sequential designation | no. 51. |
| 500 ## - GENERAL NOTE | |
| General note | Translation of: Nederlandse Hervormde Kerk. |
| 504 ## - BIBLIOGRAPHY, ETC. NOTE | |
| Bibliography, etc | Includes bibliographical references and index. |
| 610 24 - SUBJECT ADDED ENTRY--CORPORATE NAME | |
| Corporate name or jurisdiction name as entry element | Nederlandse Hervormde Kerk |
| General subdivision | History. |
| 651 #4 - SUBJECT ADDED ENTRY--GEOGRAPHIC NAME | |
| Geographic name | Netherlands |
| General subdivision | Church history. |
| 951 ## - EQUIVALENCE OR CROSS-REFERENCE-GEOGRAPHIC NAME/AREA NAME [OBSOLETE] [CAN/MARC only] | |
| General subdivision | 00034997 |
| 700 1# - ADDED ENTRY--PERSONAL NAME | |
| Personal name | Janssen, Allan J., |
| Dates associated with a name | 1948- |
| 951 ## - EQUIVALENCE OR CROSS-REFERENCE-GEOGRAPHIC NAME/AREA NAME [OBSOLETE] [CAN/MARC only] | |
| -- | 30798 |
| -- | BX9474.2/B61n |
| -- | 070702121319984 |
| -- | 2000-12-21 |
| -- | GC |
| Withdrawn status | Lost status | Damaged status | Not for loan | Home library | Current library | Shelving location | Date acquired | Accession number | Shelving control number | Total Checkouts | Full call number | Barcode | Date last seen | Price effective from | Koha item type |
|---|---|---|---|---|---|---|---|---|---|---|---|---|---|---|---|
| BSOP Library | BSOP Library | GC | 12/21/2000 | 30798 | 127 | BX9474.2/B61n | 00034997 | 02/23/2013 | 02/23/2013 | Books |
